000 00809cab a2200253 4500
001 ABS48149
008 090401t1993 xxu||||| |||| 00| 0 eng d
035 _a(Sirsi) u65231
041 _aeng
100 _aGale, M.
245 _aContractor-designed work
260 _c1993
350 _a0
490 _aChartered Quantity Surveyor
_v15(7) March 1993, 16(1)
520 _aResponding to the high incidence of specialist design by contractors and sub-contractors, this article outlines the principles for drafting the documents, tendering and implementing the works.
650 _aDESIGN LIABILITY
650 _aDRAWINGS
650 _aQUANTITIES
650 _aSPECIFICATION
650 _aWORKMANSHIP
690 _aBUILT ENVIRONMENT-BUILDING CONTRACT FORMS
942 _n0
948 _c04/03/1997
999 _c40675
_d40675